| 000 | 00975nam a22002897a 4500 | ||
|---|---|---|---|
| 999 |
_c29400 _d29371 |
||
| 003 | EG-ScBUE | ||
| 005 | 20210829112900.0 | ||
| 008 | 200219s2007 enk f 000 0 eng d | ||
| 020 | _a9781859647561 | ||
| 020 | _a1859647561 | ||
| 040 |
_aEG-ScBUE _beng _erda _cEG-ScBUE _dEG-ScBUE |
||
| 082 | 0 | 4 |
_a428.0071 _bPHI _222 |
| 100 | 1 |
_aPhillips, Terry, _d1949- _eauthor. |
|
| 245 | 1 | 0 |
_aSkills in English. _nlevel 2, _pReading : student test booklet / _cTerry Phillips and Anna Phillips. |
| 246 | 3 | 3 |
_aReading : _bstudent test booklet |
| 264 | 1 |
_a[Reading] : _bGarnet Publishing, _c[2007] |
|
| 300 |
_a55 pages ; _c25 cm |
||
| 336 |
_2rdacontent _atext _btxt |
||
| 337 |
_2rdamedia _aunmediated _bn |
||
| 338 |
_2rdacarrier _avolume _bnc |
||
| 650 | 7 |
_aEnglish language _xProblems, exercises, etc. _vJuvenile literature. _2BUEsh |
|
| 653 |
_bHHUUEENN _cAugust2021 |
||
| 655 |
_vReading book _934232 |
||
| 700 | 1 |
_aPhillips, Anna, _eauthor. |
|
| 942 |
_2ddc _cBB |
||